Регионална библиотека "Любен Каравелов" - Русе

Сламчови работи (Запис номер 85347)

MARC детайли
000 -Лидер
Контролно поле с фиксирана дължина 01188nam a2200313 c 4500
003 - Код на организацията, давaща контролен номер
Контролно поле BLK
005 - Дата и час на последна редакция
Контролно поле 20240622114400.0
008 - Елементи от данни с фиксирана дължина
fixed length control field 180408b bul|||||r ||||||| ||bul||
010 ## - Наследен системен номер
LC control number KNG00089947000
020 ## - Международен стандартен номер на книга ISBN
Международен стандартен номер на книга ISBN 978-954-09-0078-0
040 ## - Източник на каталожния запис
Идентификатор на билиотеката - собственик на записа BLK
041 ## - Код за език
Код за езика на текст/звукозапис или на отделно заглавие Български
Код за езика КДБФ Български
080 ## - УДК
Текстов определител УДК Българска литература
УДК код - определител по УДК 821.163.2
УДК определител -93-32
УДК - код + определител 821.163.2-93-32
100 1# - Редна дума - Автор
Автор Чаушев, Вели Светлинов
Авторска отговорност първи автор
R(LIN) 270548
139 ## - Редно поле
Редна дума Чаушев, Вели Светлинов
Авторски знак Чау - Ч 46
245 10 - Сведения за заглавието
Заглавие Сламчови работи
Подзаглавни данни Сламчо ; Грънчо ; Хей : Приказни повести
Редно поле (дума) Вели Светлинов Чаушев; худож. Любен Христов Зидаров.
257 ## - Страна на издаване
Страна на създаване/издаване България
260 ## - Област на издателските данни
Име на издателя, разпространителя и проч. Захарий Стоянов
Година на издаване 2008
Печатница София : Образонаие и наука
300 ## - Физическа характеристика
Страници 142 с.
Илюстрации и др. с цв. ил.
Размери/Мащаб 24 см
380 ## - Жанр
Жанр Детска худож. лит.
700 ## - Други автори (авторска отговорност)
Лично име Зидаров, Любен Христов
Автороска отговорност (Описва отношението между автора и произведението) худож.
9 (RLIN) 365107
852 ## - Местоположение
Форматна сигнатура Цб 244315
856 4# - Електронен адрес и достъп
Електронен формат pdf - файл
856 4# - Електронен адрес и достъп
Електронен формат pdf - файл
999 ## - СИСТЕМНИ КОНТРОЛНИ НОМЕРА
Koha biblionumber 85347
Koha biblioitemnumber 85347
942 ## - АРТИКУЛИ
Вид на библиотечния материал Книги
Скрит в OPAC Не
Периодичен библиозапис Да
Koha issues (borrowed), all copies 1
944 ## - СЪЗДАВАНЕ И РЕДАКЦИЯ на ЗАПИСА
Създаване/Редакция Създаване
Дата на регистрацията/редакция 15.06.2009
Служител, извършил регистрацията/редакцията 30576
Статус, дата на статуса Цветомила Тодорова
944 ## - СЪЗДАВАНЕ И РЕДАКЦИЯ на ЗАПИСА
Създаване/Редакция Редакция
Дата на регистрацията/редакция 24.06.2009
999 ## - СИСТЕМНИ КОНТРОЛНИ НОМЕРА
Koha biblioitemnumber 85347
Наличности
Код за отписване Код за изгубен артикул Код за повреда Коз за рестрикции Код за отдаване Артикулен № Име на библиотеката - собственик Име на библиотеката, в която се намира в момента Статус (Текущо местоположение) Дата на вписване в системата Местоположение - отдел Цена в лева Инвентарен номер Систематично азбучна сигнатура Баркод Номер на екземпляра Цена в евро Служебна бележка Служебен тип на артикула Източник на класификационната схема
  Не е изгубен Не е повреден без рестрикции ползва се в читалня 138458 Регионална библиотека "Любен Каравелов" Русе Регионална библиотека "Любен Каравелов" Русе Хранилище 2009-06-12 Хранилище 12.00 120000736184 Цб 244315 120000736184 1 6.14 Дост: Dp Вид: Д N: 1 Дата: 04.12.2008 Книги  
  Не е изгубен Не е повреден   заемане за дома 749766 Регионална библиотека "Любен Каравелов" Русе Регионална библиотека "Любен Каравелов" Русе Детски отдел 2019-11-22 Детски отдел 8.40   ДХ 886.7/Ч 46 120000837935   4.29   Книги Universal Decimal Classification
  Не е изгубен Не е повреден   заемане за дома 749767 Регионална библиотека "Любен Каравелов" Русе Регионална библиотека "Любен Каравелов" Русе Детски отдел 2019-11-22 Детски отдел 8.40   ДХ 886.7/Ч 46 120000837936   4.29   Книги Universal Decimal Classification
  Не е изгубен Не е повреден   заемане за дома 749768 Регионална библиотека "Любен Каравелов" Русе Регионална библиотека "Любен Каравелов" Русе Детски отдел 2019-11-22 Детски отдел 8.40   ДХ 886.7/Ч 46 120000837937   4.29   Книги Universal Decimal Classification
Vip Innovations Ltd, Rousse, Bulgaria 2025